Normal view MARC view

Entry Personal Name

Number of records used in: 1

001 - CONTROL NUMBER

  • control field: 9102

003 - CONTROL NUMBER IDENTIFIER

  • control field: DLC

005 - DATE AND TIME OF LATEST TRANSACTION

  • control field: 20220919140540.0

008 - FIXED-LENGTH DATA ELEMENTS

  • fixed length control field: 860213n| acannaab| |a aaa ||| b

010 ## - LIBRARY OF CONGRESS CONTROL NUMBER

  • LC control number: n 85334797

040 ## - CATALOGING SOURCE

  • Original cataloging agency: DNLM
  • Transcribing agency: DLC

100 10 - HEADING--PERSONAL NAME

  • Personal name: Fish, F. J.
  • Fuller form of name: (Frank James)

400 10 - SEE FROM TRACING--PERSONAL NAME

  • Control subfield: nna
  • Personal name: Fish, Frank James

400 10 - SEE FROM TRACING--PERSONAL NAME

  • Personal name: Fish, Frank
  • Fuller form of name: (Frank James)

670 ## - SOURCE DATA FOUND

  • Source citation: His Fish's clinical psychopathology, 1985.

670 ## - SOURCE DATA FOUND

  • Source citation: NLM files, 11/22/85
  • Information found: (hdg.: Fish, F. J. (Frank James); usage: F.J. Fish, Frank Fish)

670 ## - SOURCE DATA FOUND

  • Source citation: LC data base, 11/22/85
  • Information found: (hdg.: Fish, Frank James; usage: Frank Fish)

Powered by Koha